000 00531nam a22001937a 4500
003 KOHA_MİRAKIL
005 20250429183030.0
008 250429b tu ||||| |||| 00| 0 tur d
020 _a9789750751158
040 _aTR-AnABB
_btur
_cTR-AnABB
041 _atur
082 _a853.912
_bPAV 2021
100 1 _aPavese, Cesare,
245 1 0 _aHapishane /
_cCesare Pavese
260 _aİstanbul :
_bCan Sanat Yayınları,
_c2021
300 _a127 sayfa ;
_c20 cm
650 0 4 _aİtalyan edebiyatı, roman
942 _2ddc
_cBK
999 _c8880
_d8880
900 _bGizem YORULMAZ